000 00692nam a2200193Ii 4500
003 JO-AjNU
008 230605s9999||||xx |||||||||||||| ||und||
040 _aJO-AjNU
_bara
_erda
_cJO-AjNU
041 _aara
050 1 4 _aBP173.43.Q85 1974
100 3 _aقطب، سيد,
_eauthor
_948944
245 0 0 _aالعدالة الإجتماعية في الإسلام
264 3 1 _aبيروت- القاهرة: دار الشروق ، 1974
300 _a294ص
336 _atext
_btxt
_2rdacontent
337 _aunmediated
_bn
_2rdamedia
338 _avolume
_bnc
_2rdacarrier
650 4 _aالاسلام والعدالة الاجتماعية- الاسلام والاصلاح الاجتماعي
_948945
999 _aA21467
_c25035
_d25035